000 00682nam a2200229Ia 4500
003 OSt
005 20220926015129.0
006 a|||||r|||| 00| 0
007 ta
008 220923b |||||||| |||| 00| 0 eng d
037 _cGeneral Book
040 _aRTL
_cRTL
_beng
041 _2eng
_aeng
082 _aX7.1.N6, K8
100 _aDow J. C. R.
245 0 _aFiscal policy for a balanced economy
_b Experience
260 _aNew York
_bOrganisation of Economic Cooperation and Development U. S. A.
_c1968
300 _a186p. Appendix p.167-86
_ccm.
650 _aPublic Finance
942 _hX7.1.N6, K8
_cGB
_2CC
999 _c630626
_d630626